Normal view
MARC view
- Tara, Chand .
Entry Personal Name
001 - CONTROL NUMBER
- control field: 1589
003 - CONTROL NUMBER IDENTIFIER
- control field: OSt
005 - DATE AND TIME OF LATEST TRANSACTION
- control field: 20161001123119.0
008 - FIXED-LENGTH DATA ELEMENTS
- fixed length control field: 161001|| aca||aabn | a|a d
040 ## - CATALOGING SOURCE
- Original cataloging agency: OSt
- Transcribing agency: OSt
100 ## - HEADING--PERSONAL NAME
- Personal name: Tara, Chand .
670 ## - SOURCE DATA FOUND
- Source citation: Work cat.: (OSt)9005: Tara, Chand ., Tata McGraw-Hill`s General Studies Manual for the UPSC Civil Sevices Preliminary Examination-2000 / , 2000.
